Регионална библиотека "Любен Каравелов" - Русе

Бисерна [пещера в Шуменски окр.] (Запис номер 189705)

MARC детайли
000 -Лидер
Контролно поле с фиксирана дължина 01232nam a2200337 c 4500
003 - Код на организацията, давaща контролен номер
Контролно поле BLK
005 - Дата и час на последна редакция
Контролно поле 20180421000606.0
008 - Елементи от данни с фиксирана дължина
fixed length control field 180411b bul|||||r ||||||| ||bul||
010 ## - Наследен системен номер
LC control number KNG00198751000
040 ## - Източник на каталожния запис
Идентификатор на билиотеката - собственик на записа BLK
041 ## - Код за език
Код за езика на текст/звукозапис или на отделно заглавие Български
Код за езика КДБФ Български
080 ## - УДК
Текстов определител УДК География на България
УДК код - определител по УДК 913(497.2)
УДК определител (497.2:24)
УДК - код + определител 913(497.2)(497.2:24)
100 1# - Редна дума - Автор
Автор Спасов, Атанас Н.
Авторска отговорност първи автор
R(LIN) 344933
139 ## - Редно поле
Редна дума Спасов, Атанас Н.
Авторски знак Сп - С 55
245 10 - Сведения за заглавието
Заглавие Бисерна [пещера в Шуменски окр.]
Подзаглавни данни Турист. маршрут
Редно поле (дума) Атанас Н. Спасов.
257 ## - Страна на издаване
Страна на създаване/издаване България
260 ## - Област на издателските данни
-- София
Име на издателя, разпространителя и проч. Медицина и физкултура
Година на издаване 1986
Печатница Пловдив : Д. Благоев
300 ## - Физическа характеристика
Страници 31 с.
Илюстрации и др. с ил., сх.
Размери/Мащаб 17 см
380 ## - Жанр
Жанр География
490 1# - СЕРИИ (Колекции)
Име на серия Малка туристическа библиотека
№: серия 3
500 ## - Общи забележки
Забележка 4 558 тир.
650 #4 - Допълнително описание по предмет – тема
Основно описание – тема или топоним Пещери - България
9 (RLIN) 166231
651 #4 - Допълнително описание по предмет - топоним
Географско понятие България
9 (RLIN) 241624
653 ## - Ключова дума – ненормативна
Ключова дума пещери
653 ## - Ключова дума – ненормативна
Ключова дума България
852 ## - Местоположение
Форматна сигнатура Цб І 22598
856 4# - Електронен адрес и достъп
Електронен формат pdf - файл
Път до файла /url/
856 4# - Електронен адрес и достъп
Електронен формат pdf - файл
Път до файла /url/
942 ## - АРТИКУЛИ
Вид на библиотечния материал Книги
Скрит в OPAC Не
944 ## - СЪЗДАВАНЕ И РЕДАКЦИЯ на ЗАПИСА
Създаване/Редакция Създаване
Дата на регистрацията/редакция 23.12.2016
Служител, извършил регистрацията/редакцията Елиз_Шакирова
944 ## - СЪЗДАВАНЕ И РЕДАКЦИЯ на ЗАПИСА
Създаване/Редакция Редакция
Дата на регистрацията/редакция 23.12.2016
Служител, извършил регистрацията/редакцията Елиз_Шакирова
999 ## - СИСТЕМНИ КОНТРОЛНИ НОМЕРА
Koha biblionumber 189705
Koha biblioitemnumber 189705
Наличности
Код за отписване Код за изгубен артикул Източник на класификационната схема Код за повреда Коз за рестрикции Код за отдаване Артикулен № Име на библиотеката - собственик Име на библиотеката, в която се намира в момента Статус (Текущо местоположение) Дата на вписване в системата Местоположение - отдел Цена в лева Инвентарен номер Систематично азбучна сигнатура Баркод Номер на екземпляра Цена в евро Служебна бележка Служебен тип на артикула Бележка за публиката
  Не е изгубен Universal Decimal Classification Не е повреден само за читалня ползва се в читалня 333870 Регионална библиотека "Любен Каравелов" Русе Регионална библиотека "Любен Каравелов" Русе Хранилище 1986-01-01 Хранилище 0.45 448403 Цб І 22598 120000448403 1 0.23 Дост: Dp Вид: Д N: стар фонд Дата: 01.01.1986 Книги  
Изтеглен Не е изгубен Universal Decimal Classification Не е повреден без рестрикции заемане за дома 333871 Регионална библиотека "Любен Каравелов" Русе Регионална библиотека "Любен Каравелов" Русе Заемна - подръчен фонд 1986-01-01 Заемна - подръчен фонд 0.45 454818 П 914.972/С 55 454818 2 0.23 Дост: Pk Вид: Ф N: стар фонд Дата: 01.01.1986 Книги  
Изтеглен Не е изгубен Universal Decimal Classification Не е повреден без рестрикции заемане за дома 333872 Регионална библиотека "Любен Каравелов" Русе Регионална библиотека "Любен Каравелов" Русе Заемна - подръчен фонд 1986-01-01 Заемна - подръчен фонд 0.45 454819 П 914.972/С 55 454819 3 0.23 Дост: Pk Вид: Ф N: стар фонд Дата: 01.01.1986 Дата инв: 15.02.2018 Бележки инв: П2018 Книги  
Изтеглен Не е изгубен   Не е повреден без рестрикции заемане за дома 333873 Регионална библиотека "Любен Каравелов" Русе Регионална библиотека "Любен Каравелов" Русе   1986-01-01 Заемна - подръчен фонд 0.50 643549 П 914.972/С 55 643549 4 0.26 Дост: Pk Вид: Ф N: стар фонд Дата: 01.01.1986 Книги Отч.N: 50/2017 , Дата: 10.10.2017
Vip Innovations Ltd, Rousse, Bulgaria 2025